Nghiên cứu chuỗi giá trị chôm chôm tại huyện Chợ Lách tỉnh Bến Tre : Luận văn tốt nghiệp Cao học. Chuyên ngành Kinh tế nông nghiệp

Phân tích thực trạng sản xuất và tiêu thụ chôm chôm tại huyện Chợ Lách tỉnh Bến Tre, phân tích chuỗi giá trị chôm chôm và đề xuất các giải pháp nhằm nâng cấp hoạt động chuỗi giá trị ngành hàng chôm chôm tại huyện Chợ Lách tỉnh Bến Tre....

Full description

Saved in:
Bibliographic Details
Main Author: Giang, Ngọc Thiên Lan
Format: Book
Language:Undetermined
Published: Cần Thơ Trường Đại học Cần Thơ 2017
Subjects:
Tags: Add Tag
No Tags, Be the first to tag this record!
Institutions: Trung tâm Học liệu Trường Đại học Cần Thơ
LEADER 01207nam a2200217Ia 4500
001 CTU_224833
008 210402s9999 xx 000 0 und d
082 |a 338.5 
082 |b L105 
100 |a Giang, Ngọc Thiên Lan 
245 0 |a Nghiên cứu chuỗi giá trị chôm chôm tại huyện Chợ Lách tỉnh Bến Tre : 
245 0 |b Luận văn tốt nghiệp Cao học. Chuyên ngành Kinh tế nông nghiệp 
245 0 |c Giang Ngọc Thiên Lan ; Võ Thành Danh (Cán bộ hướng dẫn) 
260 |a Cần Thơ 
260 |b Trường Đại học Cần Thơ 
260 |c 2017 
520 |a Phân tích thực trạng sản xuất và tiêu thụ chôm chôm tại huyện Chợ Lách tỉnh Bến Tre, phân tích chuỗi giá trị chôm chôm và đề xuất các giải pháp nhằm nâng cấp hoạt động chuỗi giá trị ngành hàng chôm chôm tại huyện Chợ Lách tỉnh Bến Tre. 
650 |a Production economics,Kinh tế sản xuất 
650 |x Management,Quản lý 
904 |i Hải 
980 |a Trung tâm Học liệu Trường Đại học Cần Thơ